[Event "40. Open Vila de Sitges 2014"]
[Site "Sitges ESP"]
[Date "2014.07.22"]
[Round "1.1"]
[White "Capellades Subirana, Marc"]
[Black "Fedorchuk, Sergey A"]
[Result "0-1"]
[WhiteElo "2211"]
[BlackElo "2665"]
[PlyCount "112"]
[EventDate "2014.07.22"]
[EventType "swiss"]
[EventRounds "9"]
[EventCountry "ESP"]
[Source "lmi"]
[SourceDate "2014.07.22"]

1. e4 c5 2. Nf3 e6 3. d4 cxd4 4. Nxd4 Nc6 5. Nc3 d6 6. Be3 Nge7 7. Qd2 Nxd4 8.
Bxd4 Nc6 9. Bb5 a6 10. Bxc6+ bxc6 11. Ne2 Qh4 12. Qe3 e5 13. Bc3 Be7 14. O-O
O-O 15. f4 Qh6 16. Qb6 Bg4 17. Rae1 exf4 18. Nxf4 Bg5 19. g3 Rfc8 20. Qb7 Bd8
21. Nd5 Qe6 22. Nf4 Qc4 23. Nd5 Qc5+ 24. Ne3 Be6 25. Qb4 Qxb4 26. Bxb4 Bf6 27.
Bxd6 Bxb2 28. Nf5 Rd8 29. Bf4 Ba3 30. Kg2 a5 31. Rf3 Bb4 32. c3 Bf8 33. Nd4 Bd7
34. a4 Ra6 35. Kg1 Re8 36. e5 Rb6 37. Ra1 h6 38. h4 Bc5 39. Rf2 Be6 40. Re2 Bc4
41. Ree1 Rb3 42. Re3 Rxc3 43. Rxc3 Bxd4+ 44. Kh2 Bxc3 45. Rc1 Bxe5 46. Rxc4
Bxf4 47. gxf4 h5 48. Rc5 Re4 49. Rxa5 Rxf4 50. Kg3 Rg4+ 51. Kh3 g6 52. Rc5 Rxa4
53. Rxc6 Ra7 54. Kg3 Kg7 55. Kf4 Ra3 56. Kg5 Rg3+ 0-1

[Event "40. Open Vila de Sitges 2014"]
[Site "Sitges ESP"]
[Date "2014.07.22"]
[Round "1.2"]
[White "Grigoryan, Karen H"]
[Black "Diaz Herrero, Alvaro"]
[Result "1-0"]
[WhiteElo "2592"]
[BlackElo "2210"]
[PlyCount "65"]
[EventDate "2014.07.22"]
[EventType "swiss"]
[EventRounds "9"]
[EventCountry "ESP"]
[Source "lmi"]
[SourceDate "2014.07.22"]

1. d4 Nf6 2. c4 g6 3. Nc3 d5 4. Nf3 Bg7 5. e3 O-O 6. Qb3 c5 7. cxd5 cxd4 8.
Nxd4 Nbd7 9. Bc4 Nb6 10. O-O Qc7 11. Be2 Rd8 12. Ndb5 Qb8 13. e4 e6 14. d6 Ne8
15. Bg5 Rd7 16. Rad1 Nxd6 17. Nxd6 Rxd6 18. Rxd6 Qxd6 19. Rd1 Bd4 20. Be3 e5
21. Nb5 Qc6 22. Nxd4 exd4 23. Rxd4 Be6 24. Qd1 Bxa2 25. b3 Qe6 26. Rd8+ Rxd8
27. Qxd8+ Kg7 28. Bd4+ f6 29. Bg4 Qf7 30. e5 Bxb3 31. exf6+ Kh6 32. Be3+ g5 33.
h4 1-0

[Event "40. Open Vila de Sitges 2014"]
[Site "Sitges ESP"]
[Date "2014.07.22"]
[Round "1.3"]
[White "Dave, Dhyani"]
[Black "Burmakin, Vladimir"]
[Result "0-1"]
[WhiteElo "2201"]
[BlackElo "2590"]
[PlyCount "60"]
[EventDate "2014.07.22"]
[EventType "swiss"]
[EventRounds "9"]
[EventCountry "ESP"]
[Source "lmi"]
[SourceDate "2014.07.22"]

1. e4 c6 2. d4 d5 3. e5 Bf5 4. h4 h5 5. c4 e6 6. Nc3 Ne7 7. Bg5 Qb6 8. Qd2 Nd7
9. Nf3 dxc4 10. Bxc4 Nd5 11. O-O f6 12. exf6 gxf6 13. Bxd5 cxd5 14. Bf4 Kf7 15.
Rfe1 Rc8 16. Rac1 Rc6 17. a3 Qa6 18. Na2 Qb5 19. Nc3 Qd3 20. Qxd3 Bxd3 21. Red1
Ba6 22. b4 Bc4 23. Nd2 Nb6 24. Re1 Be7 25. Re3 e5 26. Rce1 Re8 27. Bh6 exd4 28.
Rg3 Bf8 29. Rxe8 Bxh6 30. Rh8 dxc3 0-1

[Event "40. Open Vila de Sitges 2014"]
[Site "Sitges ESP"]
[Date "2014.07.22"]
[Round "1.4"]
[White "Aroshidze, Levan"]
[Black "Sanz Rodero, Mikel"]
[Result "1-0"]
[WhiteElo "2565"]
[BlackElo "2178"]
[PlyCount "50"]
[EventDate "2014.07.22"]
[EventType "swiss"]
[EventRounds "9"]
[EventCountry "ESP"]
[Source "lmi"]
[SourceDate "2014.07.22"]

1. e4 c5 2. Nf3 e6 3. d4 cxd4 4. Nxd4 Nf6 5. Nc3 Nc6 6. Nxc6 bxc6 7. e5 Nd5 8.
Ne4 Bb7 9. Be2 c5 10. O-O Qc7 11. c4 Ne3 12. Bxe3 Bxe4 13. Bf4 Be7 14. Bd3 Bxd3
15. Qxd3 O-O 16. Rfd1 Rfd8 17. Qg3 Rab8 18. b3 a5 19. a4 Rb7 20. Rd3 Qc6 21.
Re1 Rb6 22. h4 Rf8 23. Bh6 g6 24. Bxf8 Bxf8 25. Red1 Rb7 1-0

[Event "40. Open Vila de Sitges 2014"]
[Site "Sitges ESP"]
[Date "2014.07.22"]
[Round "1.5"]
[White "Raghunandan, Kaumandur Srihari"]
[Black "Movsziszian, Karen"]
[Result "1-0"]
[WhiteElo "2148"]
[BlackElo "2520"]
[PlyCount "59"]
[EventDate "2014.07.22"]
[EventType "swiss"]
[EventRounds "9"]
[EventCountry "ESP"]
[Source "lmi"]
[SourceDate "2014.07.22"]

1. d4 d6 2. Nf3 g6 3. c4 Bg7 4. Nc3 Nf6 5. e4 O-O 6. Be2 Nbd7 7. O-O e5 8. Be3
Qe7 9. Qc2 c6 10. d5 Ng4 11. Bg5 f6 12. Bd2 f5 13. exf5 gxf5 14. Ng5 Ndf6 15.
f3 Nh6 16. Bd3 Kh8 17. Kh1 Bd7 18. Rad1 Nh5 19. Rde1 b5 20. f4 e4 21. Ncxe4
fxe4 22. Bxe4 Qd8 23. Bxh7 Nf5 24. Bg6 Nfg3+ 25. hxg3 Nxg3+ 26. Kh2 Nxf1+ 27.
Rxf1 Qxg5 28. fxg5 Rxf1 29. Bc3 Raf8 30. Qe2 1-0

[Event "40. Open Vila de Sitges 2014"]
[Site "Sitges ESP"]
[Date "2014.07.22"]
[Round "1.6"]
[White "Rahman, Ziaur"]
[Black "Graells, Ricardo"]
[Result "1-0"]
[WhiteElo "2515"]
[BlackElo "2141"]
[PlyCount "61"]
[EventDate "2014.07.22"]
[EventType "swiss"]
[EventRounds "9"]
[EventCountry "ESP"]
[Source "lmi"]
[SourceDate "2014.07.22"]

1. Nf3 Nf6 2. c4 g6 3. Nc3 d5 4. Qa4+ c6 5. cxd5 Nxd5 6. Nxd5 Qxd5 7. e4 Qd8 8.
d4 Bg7 9. h3 Nd7 10. Be2 O-O 11. O-O e5 12. Be3 exd4 13. Bxd4 Bxd4 14. Qxd4 Qe7
15. Rad1 Re8 16. Bc4 Nb6 17. Bd3 Be6 18. b3 Red8 19. Qe3 f6 20. Rfe1 Bf7 21.
Nh2 Rd7 22. Rc1 Rad8 23. Bb1 Rc7 24. f4 c5 25. Ng4 Kg7 26. f5 Nd7 27. Qh6+ Kg8
28. Qh4 g5 29. Qh6 Rc6 30. e5 Qf8 31. e6 1-0

[Event "40. Open Vila de Sitges 2014"]
[Site "Sitges ESP"]
[Date "2014.07.22"]
[Round "1.7"]
[White "Bernat, Ernest"]
[Black "Gomez Garrido, Camilo Ernesto"]
[Result "0-1"]
[WhiteElo "2101"]
[BlackElo "2495"]
[PlyCount "43"]
[EventDate "2014.07.22"]
[EventType "swiss"]
[EventRounds "9"]
[EventCountry "ESP"]
[Source "lmi"]
[SourceDate "2014.07.22"]

1. e4 c5 2. Nf3 d6 3. Bb5+ Nd7 4. O-O a6 5. Bxd7+ Bxd7 6. d3 Nf6 7. a4 e6 8.
Nc3 Be7 9. h3 O-O 10. Bf4 b5 11. e5 dxe5 12. Nxe5 Qb6 13. Nxd7 Nxd7 14. axb5
axb5 15. Qf3 Rac8 16. Rfe1 Bf6 17. Ra2 c4 18. Be3 Qd6 19. Nxb5 Qb4 20. Nc3 cxd3
21. Ra4 Qxb2 22. Ne4 0-1

[Event "40. Open Vila de Sitges 2014"]
[Site "Sitges ESP"]
[Date "2014.07.22"]
[Round "1.8"]
[White "Gonzalez Perez, Arian"]
[Black "Buxade Roca, Guillermo"]
[Result "1-0"]
[WhiteElo "2494"]
[BlackElo "2099"]
[PlyCount "57"]
[EventDate "2014.07.22"]
[EventType "swiss"]
[EventRounds "9"]
[EventCountry "ESP"]
[Source "lmi"]
[SourceDate "2014.07.22"]

1. e4 c5 2. Nf3 Nc6 3. Bb5 Nf6 4. Bxc6 dxc6 5. Nc3 Bg4 6. h3 Bh5 7. Qe2 Qc7 8.
d3 e5 9. g4 Bg6 10. Nh4 O-O-O 11. Bg5 Be7 12. Nf5 h5 13. Nxe7+ Qxe7 14. O-O-O
Qe6 15. f3 Rd7 16. Be3 b6 17. a4 a5 18. g5 Ne8 19. f4 exf4 20. Bxf4 f5 21. d4
Rb7 22. dxc5 fxe4 23. Qa6 Nc7 24. Bxc7 Kxc7 25. Rd6 Qf5 26. Rf1 Qxg5+ 27. Kb1
Rhb8 28. Rxc6+ Kd8 29. Rd6+ 1-0

[Event "40. Open Vila de Sitges 2014"]
[Site "Sitges ESP"]
[Date "2014.07.22"]
[Round "1.9"]
[White "Sanpera Bonet, Juan Carlos"]
[Black "Ghosh, Diptayan"]
[Result "0-1"]
[WhiteElo "2089"]
[BlackElo "2468"]
[PlyCount "32"]
[EventDate "2014.07.22"]
[EventType "swiss"]
[EventRounds "9"]
[EventCountry "ESP"]
[Source "lmi"]
[SourceDate "2014.07.22"]

1. e4 e5 2. Nc3 Nf6 3. Nf3 Nc6 4. a3 d6 5. d4 exd4 6. Nxd4 Be7 7. Bb5 Bd7 8.
Bxc6 bxc6 9. O-O O-O 10. Qf3 Qc8 11. e5 dxe5 12. Nxc6 Bd6 13. Bg5 e4 14. Nxe4
Bxc6 15. Nxf6+ gxf6 16. Qxf6 Qe6 0-1

[Event "40. Open Vila de Sitges 2014"]
[Site "Sitges ESP"]
[Date "2014.07.22"]
[Round "1.10"]
[White "Munoz Pantoja, Miguel"]
[Black "Real Pereyra, Diana Carime"]
[Result "1-0"]
[WhiteElo "2457"]
[BlackElo "2080"]
[PlyCount "47"]
[EventDate "2014.07.22"]
[EventType "swiss"]
[EventRounds "9"]
[EventCountry "ESP"]
[Source "lmi"]
[SourceDate "2014.07.22"]

1. e4 e5 2. Nf3 Nc6 3. Bc4 Nf6 4. Ng5 d5 5. exd5 b5 6. Bf1 Nd4 7. c3 Nxd5 8.
cxd4 Qxg5 9. Bxb5+ Kd8 10. Qf3 e4 11. Qxe4 Bd6 12. h4 Qh5 13. Be2 Qf5 14. Nc3
Nb6 15. Qxf5 Bxf5 16. d3 Rb8 17. O-O Re8 18. Be3 c6 19. Bf3 Bxd3 20. Rfd1 Bf5
21. Bxc6 Nd7 22. Nb5 Bc7 23. Bxd7 Kxd7 24. Nxc7 1-0

[Event "40. Open Vila de Sitges 2014"]
[Site "Sitges ESP"]
[Date "2014.07.23"]
[Round "2.1"]
[White "Fedorchuk, Sergey A"]
[Black "Das, Sayantan"]
[Result "0-1"]
[WhiteElo "2665"]
[BlackElo "2381"]
[PlyCount "76"]
[EventDate "2014.07.22"]
[EventType "swiss"]
[EventRounds "9"]
[EventCountry "ESP"]
[Source "lmi"]
[SourceDate "2014.07.22"]

1. e4 e6 2. d4 d5 3. Nc3 Bb4 4. a3 Bxc3+ 5. bxc3 dxe4 6. Qg4 Nf6 7. Qxg7 Rg8 8.
Qh6 Nbd7 9. a4 c5 10. a5 Qc7 11. Qf4 Qc6 12. Qd2 b5 13. Ne2 c4 14. Qh6 a6 15.
Bg5 Rg6 16. Qh4 h6 17. Bxh6 Rg4 18. Qh3 Bb7 19. Bd2 O-O-O 20. Nf4 Qd6 21. Qe3
e5 22. dxe5 Nxe5 23. Qd4 Qc7 24. Qe3 Rxd2 25. Kxd2 Rxf4 26. g3 Rf3 27. Qg5 e3+
28. Kc1 Qc5 29. h4 Rxf2 30. Bh3+ Kc7 31. Re1 Be4 32. Ra2 Rxc2+ 33. Rxc2 Qa3+
34. Kd1 Bxc2+ 35. Ke2 Bd3+ 36. Kxe3 Qc5+ 37. Kf4 Nd5+ 38. Kxe5 f6+ 0-1

[Event "40. Open Vila de Sitges 2014"]
[Site "Sitges ESP"]
[Date "2014.07.23"]
[Round "2.2"]
[White "Alarcon Casellas, Rolando"]
[Black "Grigoryan, Karen H"]
[Result "1/2-1/2"]
[WhiteElo "2378"]
[BlackElo "2592"]
[PlyCount "79"]
[EventDate "2014.07.22"]
[EventType "swiss"]
[EventRounds "9"]
[EventCountry "ESP"]
[Source "lmi"]
[SourceDate "2014.07.22"]

1. d4 Nf6 2. Bg5 c5 3. Bxf6 gxf6 4. e3 Bg7 5. c3 f5 6. Bc4 O-O 7. Nf3 d5 8. Bb3
e6 9. h3 Qc7 10. Nbd2 b6 11. Kf1 Nc6 12. Kg1 Ba6 13. Bc2 h6 14. g4 f4 15. Kg2
e5 16. dxe5 fxe3 17. fxe3 Rfe8 18. Re1 Rad8 19. Rc1 Bb7 20. Qe2 Nxe5 21. Nxe5
Qxe5 22. Nf3 d4 23. cxd4 cxd4 24. e4 Qf4 25. Bd3 h5 26. Qd2 Bh6 27. Qxf4 Bxf4
28. Rcd1 hxg4 29. hxg4 Re6 30. Nh4 Be3 31. Nf5 Rde8 32. Kf3 Bxe4+ 33. Bxe4 Rxe4
34. Rxd4 Bxd4 35. Rxe4 Rxe4 36. Kxe4 Bxb2 37. Ne7+ Kg7 38. Nc8 Kf6 39. Nxa7 Kg5
40. Kf3 1/2-1/2

[Event "40. Open Vila de Sitges 2014"]
[Site "Sitges ESP"]
[Date "2014.07.23"]
[Round "2.3"]
[White "Burmakin, Vladimir"]
[Black "Akshat, Khamparia"]
[Result "0-1"]
[WhiteElo "2590"]
[BlackElo "2367"]
[PlyCount "80"]
[EventDate "2014.07.22"]
[EventType "swiss"]
[EventRounds "9"]
[EventCountry "ESP"]
[Source "lmi"]
[SourceDate "2014.07.22"]

1. Nf3 e6 2. g3 d5 3. c4 c6 4. Qc2 Bd6 5. d4 f5 6. Bg2 Nf6 7. O-O O-O 8. b3 Qe7
9. Bb2 b6 10. Ne5 Bb7 11. Nd2 a5 12. Rac1 Na6 13. Qb1 c5 14. cxd5 exd5 15. e3
Ne4 16. Rfd1 Nb4 17. a3 Nc6 18. Nxc6 Bxc6 19. Nf3 Bb7 20. a4 Rae8 21. Qd3 g5
22. dxc5 bxc5 23. Nd2 h6 24. Nb1 Rd8 25. f3 Nf6 26. Re1 Qe6 27. Na3 Nd7 28. f4
Nf6 29. Nb5 Be7 30. Qc3 Kh7 31. Qxa5 Ne4 32. Nc3 Nd2 33. Nd1 Ne4 34. Nf2 Rd7
35. Nxe4 dxe4 36. Qc3 Bf6 37. Qxc5 Rc8 38. Qa3 Be7 39. Qa2 Rcd8 40. Bc3 gxf4
0-1

[Event "40. Open Vila de Sitges 2014"]
[Site "Sitges ESP"]
[Date "2014.07.23"]
[Round "2.4"]
[White "Mosquera, Miguel"]
[Black "Aroshidze, Levan"]
[Result "1/2-1/2"]
[WhiteElo "2362"]
[BlackElo "2565"]
[PlyCount "137"]
[EventDate "2014.07.22"]
[EventType "swiss"]
[EventRounds "9"]
[EventCountry "ESP"]
[Source "lmi"]
[SourceDate "2014.07.22"]

1. Nf3 c5 2. c4 Nf6 3. g3 b6 4. Bg2 Bb7 5. O-O e6 6. Nc3 d6 7. d4 cxd4 8. Qxd4
a6 9. b3 Nbd7 10. Rd1 Be7 11. Bb2 O-O 12. Rac1 Qc7 13. e4 Rad8 14. Qe3 Rfe8 15.
h3 Qb8 16. Nh2 h5 17. Rc2 Ba8 18. a4 Nc5 19. b4 Ncd7 20. Bf1 Bf8 21. Nf3 Bb7
22. Rcd2 Rc8 23. Ba3 Qa8 24. Ng5 Ne5 25. Rd4 d5 26. Qf4 Ng6 27. Qe3 dxe4 28.
Ngxe4 Nxe4 29. Nxe4 e5 30. Rd5 Bxd5 31. cxd5 Red8 32. d6 Qb7 33. b5 axb5 34.
Bxb5 h4 35. Qf3 Qa8 36. Qf5 hxg3 37. fxg3 Rc2 38. Rf1 Qd5 39. Nf6+ gxf6 40.
Qxc2 Bxd6 41. Bc4 Bc5+ 42. Bxc5 Qxc5+ 43. Kg2 Kg7 44. Bd3 Qe3 45. Rf3 Qg5 46.
Kf1 Rd4 47. Bxg6 Qxg6 48. Qxg6+ fxg6 49. Rb3 Rxa4 50. Rxb6 Ra2 51. Kg1 f5 52.
Re6 e4 53. g4 Kf7 54. Rb6 f4 55. g5 f3 56. Rf6+ Ke7 57. Kf1 Rh2 58. Rf4 Re2 59.
Rf6 Kd7 60. h4 Rh2 61. Rf4 Rh1+ 62. Kf2 Rh2+ 63. Kf1 Re2 64. Rf6 Ra2 65. Rf4
Ra4 66. h5 gxh5 67. g6 Ra6 68. Rxe4 Rxg6 69. Kf2 1/2-1/2

[Event "40. Open Vila de Sitges 2014"]
[Site "Sitges ESP"]
[Date "2014.07.23"]
[Round "2.5"]
[White "Hernando Rodrigo, Julio Antoni"]
[Black "Rahman, Ziaur"]
[Result "0-1"]
[WhiteElo "2332"]
[BlackElo "2515"]
[PlyCount "66"]
[EventDate "2014.07.22"]
[EventType "swiss"]
[EventRounds "9"]
[EventCountry "ESP"]
[Source "lmi"]
[SourceDate "2014.07.22"]

1. d4 d6 2. Nf3 Nf6 3. g3 Bf5 4. Bg2 c6 5. O-O Nbd7 6. Nh4 Bg6 7. c4 e5 8. Nc3
Be7 9. d5 Rc8 10. e4 Nh5 11. Nf5 Bxf5 12. Qxh5 Bg6 13. Qe2 O-O 14. h4 h6 15. h5
Bh7 16. Bh3 Rc7 17. Be3 Bg5 18. Bxa7 f5 19. c5 dxc5 20. d6 Rc8 21. f4 exf4 22.
e5 f3 23. Rxf3 Qa5 24. e6 Rce8 25. e7 Rf6 26. Ne4 fxe4 27. Rxf6 Nxf6 28. Be6+
Kh8 29. Bf7 Ra8 30. Rd1 Bf5 31. d7 Bxd7 32. Rxd7 Nxd7 33. Qxe4 Nf6 0-1

[Event "40. Open Vila de Sitges 2014"]
[Site "Sitges ESP"]
[Date "2014.07.23"]
[Round "2.6"]
[White "Gomez Garrido, Camilo Ernesto"]
[Black "Piasetski, Leon"]
[Result "1-0"]
[WhiteElo "2495"]
[BlackElo "2297"]
[PlyCount "101"]
[EventDate "2014.07.22"]
[EventType "swiss"]
[EventRounds "9"]
[EventCountry "ESP"]
[Source "lmi"]
[SourceDate "2014.07.22"]

1. e4 c6 2. d4 d5 3. e5 Bf5 4. Nf3 e6 5. Be2 Nd7 6. O-O Bg6 7. Nbd2 Nh6 8. Nb3
Be7 9. Bd2 O-O 10. Bxh6 gxh6 11. Qd2 Kg7 12. Ne1 f6 13. exf6+ Bxf6 14. f4 Qb6
15. Kh1 Rae8 16. Bg4 c5 17. c3 c4 18. Nc1 Bd8 19. Ne2 Nf6 20. Bf3 h5 21. g3 Ne4
22. Qc1 h4 23. Ng2 hxg3 24. Nxg3 e5 25. Bxe4 dxe4 26. dxe5 e3 27. Qxe3 Qxe3 28.
Nxe3 Bd3 29. Kg2 Bxf1+ 30. Rxf1 b5 31. Nef5+ Kh8 32. Kf3 Bc7 33. Ke4 Rf6 34.
Rd1 Rfe6 35. Rd7 Bxe5 36. fxe5 Rxe5+ 37. Kd4 Re1 38. Kc5 a6 39. Kb4 Rf8 40. Ra7
Re6 41. Ka5 Kg8 42. a3 Rff6 43. h4 h6 44. h5 Kf8 45. Ra8+ Kf7 46. Rh8 Re5 47.
Nxh6+ Kg7 48. Ng4 Kxh8 49. Nxf6 Kg7 50. Nfe4 Kh6 51. Kxa6 1-0

[Event "40. Open Vila de Sitges 2014"]
[Site "Sitges ESP"]
[Date "2014.07.23"]
[Round "2.7"]
[White "Martinez Alcantara, Jose Eduar"]
[Black "Gonzalez Perez, Arian"]
[Result "1/2-1/2"]
[WhiteElo "2295"]
[BlackElo "2494"]
[PlyCount "126"]
[EventDate "2014.07.22"]
[EventType "swiss"]
[EventRounds "9"]
[EventCountry "ESP"]
[Source "lmi"]
[SourceDate "2014.07.22"]

1. c4 e6 2. g3 d5 3. Bg2 Nf6 4. b3 Be7 5. Nf3 O-O 6. Bb2 c5 7. O-O Nc6 8. e3 a6
9. d4 cxd4 10. exd4 b6 11. Qe2 Bb7 12. Rd1 Rc8 13. Ne5 Qc7 14. Nd2 dxc4 15.
Ndxc4 Nb4 16. Bxb7 Qxb7 17. a3 Nbd5 18. Rac1 Rc7 19. Nd3 Rfc8 20. Nce5 Nc3 21.
Bxc3 Rxc3 22. Nc5 R3xc5 23. dxc5 bxc5 24. Qf3 Qc7 25. Nc4 h5 26. Rd3 h4 27.
Rcd1 hxg3 28. hxg3 g6 29. Qe2 Kg7 30. Qb2 Rh8 31. Qe2 Rh5 32. Qf3 Qc8 33. Nd6
Bxd6 34. Rxd6 Rf5 35. Qe2 Qh8 36. Rxa6 Qh3 37. Ra4 Rg5 38. Qf3 Ng4 39. Rxg4
Qxg4 40. Qxg4 Rxg4 41. Rc1 Rg5 42. Kf1 Kf6 43. Ke2 Ke7 44. a4 Kd6 45. a5 Re5+
46. Kd2 Rd5+ 47. Kc3 Kc6 48. Ra1 Kb7 49. a6+ Ka7 50. Kc4 Rf5 51. Ra2 Rf3 52. g4
g5 53. Kxc5 Rxb3 54. Kd6 Rf3 55. Ke7 Rf4 56. Kf8 f5 57. Kf7 Rxg4 58. Kxe6 Rf4
59. Kf6 g4 60. Kg6 Rf3 61. Ra5 g3 62. fxg3 Rxg3+ 63. Kxf5 Rb3 1/2-1/2

[Event "40. Open Vila de Sitges 2014"]
[Site "Sitges ESP"]
[Date "2014.07.23"]
[Round "2.8"]
[White "Ghosh, Diptayan"]
[Black "Uribe Arteaga, Daniel"]
[Result "1-0"]
[WhiteElo "2468"]
[BlackElo "2258"]
[PlyCount "91"]
[EventDate "2014.07.22"]
[EventType "swiss"]
[EventRounds "9"]
[EventCountry "ESP"]
[Source "lmi"]
[SourceDate "2014.07.22"]

1. c4 c5 2. g3 Nc6 3. Bg2 g6 4. Nc3 Bg7 5. Nf3 d6 6. O-O Bd7 7. a3 Qc8 8. Rb1
h5 9. h4 Bh3 10. d3 Bxg2 11. Kxg2 Nh6 12. Bxh6 Bxh6 13. b4 Bg7 14. Qb3 b6 15.
Rfc1 O-O 16. Qd1 Nd4 17. e3 Nxf3 18. Qxf3 Rb8 19. Rb3 Qb7 20. Rcb1 Qxf3+ 21.
Kxf3 Rfd8 22. Nd5 Rb7 23. a4 e6 24. Nf4 cxb4 25. Rxb4 Rc7 26. Rb5 Bc3 27. Rc1
Ba5 28. Ne2 Rdc8 29. Rg1 Rd8 30. g4 hxg4+ 31. Rxg4 Kf8 32. h5 gxh5 33. Rxh5 Rc5
34. Rh8+ Ke7 35. Rxd8 Kxd8 36. Rg8+ Ke7 37. Ra8 d5 38. Rxa7+ Kf6 39. cxd5 Rxd5
40. d4 Rh5 41. Nf4 Rh1 42. Nd3 Ra1 43. Ne5 Rxa4 44. Rxf7+ Kg5 45. Ke4 b5 46.
f4+ 1-0

[Event "40. Open Vila de Sitges 2014"]
[Site "Sitges ESP"]
[Date "2014.07.23"]
[Round "2.9"]
[White "Lasinskas, Povilas"]
[Black "Munoz Pantoja, Miguel"]
[Result "0-1"]
[WhiteElo "2212"]
[BlackElo "2457"]
[PlyCount "56"]
[EventDate "2014.07.22"]
[EventType "swiss"]
[EventRounds "9"]
[EventCountry "ESP"]
[Source "lmi"]
[SourceDate "2014.07.22"]

1. d4 Nf6 2. c4 c5 3. d5 e6 4. Nc3 exd5 5. cxd5 d6 6. e4 a6 7. a4 g6 8. f3 Qa5
9. Bd2 Bg7 10. Nge2 O-O 11. Nb5 Qd8 12. Na3 Nfd7 13. Nc4 Ne5 14. Nc3 f5 15.
Nxe5 Bxe5 16. Bd3 fxe4 17. Bxe4 Qh4+ 18. Ke2 Nd7 19. Qc1 Bd4 20. Qe1 Qe7 21.
Qg3 Nf6 22. Kd3 Nxe4 23. fxe4 Be5 24. Bg5 Qc7 25. Qh4 c4+ 26. Kc2 Qb6 27. Nd1
Qb3+ 28. Kc1 Bd7 0-1

[Event "40. Open Vila de Sitges 2014"]
[Site "Sitges ESP"]
[Date "2014.07.23"]
[Round "2.10"]
[White "Lluverol Torrents, Salvador"]
[Black "Oliva Castaneda, Kevel"]
[Result "0-1"]
[WhiteElo "1969"]
[BlackElo "2419"]
[PlyCount "72"]
[EventDate "2014.07.22"]
[EventType "swiss"]
[EventRounds "9"]
[EventCountry "ESP"]
[Source "lmi"]
[SourceDate "2014.07.22"]

1. d4 Nf6 2. c4 g6 3. Nc3 d5 4. cxd5 Nxd5 5. e4 Nxc3 6. bxc3 Bg7 7. Bc4 O-O 8.
Ne2 c5 9. O-O Nc6 10. Be3 Qc7 11. Rc1 Rd8 12. h3 Na5 13. Bd3 b6 14. f4 e6 15.
f5 exf5 16. exf5 Bb7 17. Nf4 Re8 18. Qd2 Rad8 19. Qf2 Be4 20. Bb5 Bc6 21. Bxc6
Nxc6 22. dxc5 bxc5 23. fxg6 hxg6 24. Bxc5 Re4 25. Qf3 Qe5 26. Bd4 Rdxd4 27.
cxd4 Nxd4 28. Rc8+ Kh7 29. Qg4 Rxf4 30. Rxf4 Ne2+ 31. Kh2 Nxf4 32. Qg3 Qe6 33.
Rc2 Be5 34. Kh1 Qf5 35. Rc1 Nd3 36. Qh4+ Kg7 0-1

[Event "40. Open Vila de Sitges 2014"]
[Site "Sitges ESP"]
[Date "2014.07.24"]
[Round "3.1"]
[White "Rahman, Ziaur"]
[Black "Oliva Castaneda, Kevel"]
[Result "1/2-1/2"]
[WhiteElo "2515"]
[BlackElo "2419"]
[PlyCount "146"]
[EventDate "2014.07.22"]
[EventType "swiss"]
[EventRounds "9"]
[EventCountry "ESP"]
[Source "lmi"]
[SourceDate "2014.07.22"]

1. d4 Nf6 2. Bg5 e6 3. Nd2 h6 4. Bh4 d6 5. c3 Nbd7 6. e4 g5 7. Bg3 h5 8. f3 Bg7
9. Qc2 Qe7 10. O-O-O a6 11. Ne2 b6 12. h4 g4 13. Bf4 Bb7 14. Bg5 Qf8 15. Ng3
Bh6 16. Qa4 b5 17. Qa5 Rc8 18. a4 bxa4 19. Qxa4 Bxg5 20. hxg5 h4 21. Ne2 Ng8
22. Nf4 Qg7 23. g6 Ne7 24. gxf7+ Qxf7 25. g3 Bc6 26. Qc2 e5 27. Bc4 Qf6 28. Ne6
Bb5 29. d5 hxg3 30. Rxh8+ Qxh8 31. fxg4 Ng6 32. Bxb5 axb5 33. Qd3 Nf4 34. Qf3
Qf6 35. g5 Qf7 36. Kc2 c6 37. Qxg3 cxd5 38. Nxf4 exf4 39. Qh3 b4 40. Ra1 bxc3
41. bxc3 dxe4 42. Nxe4 Qg6 43. Kd2 Rb8 44. Ra7 Rb2+ 45. Kc1 Rb1+ 46. Kxb1 Qxe4+
47. Kb2 Qc6 48. Qe6+ Kd8 49. Qg8+ Ke7 50. Qg7+ Ke6 51. Qg6+ Ke7 52. Qg7+ Ke8
53. Qh8+ Ke7 54. Kc1 f3 55. g6 f2 56. Qh4+ Ke8 57. Qh8+ Ke7 58. Qg7+ Kd8 59.
Qg8+ Ke7 60. Qf7+ Kd8 61. Kd2 Qb5 62. Qg8+ Ke7 63. Qf7+ Kd8 64. Rxd7+ Qxd7 65.
Qxf2 Qe6 66. Qf8+ Kd7 67. Qg7+ Ke8 68. Qh8+ Ke7 69. Qh4+ Qf6 70. Qh7+ Kf8 71.
Qh6+ Kg8 72. Qh7+ Kf8 73. Qh6+ Kg8 1/2-1/2

[Event "40. Open Vila de Sitges 2014"]
[Site "Sitges ESP"]
[Date "2014.07.24"]
[Round "3.2"]
[White "Palit, Somak"]
[Black "Gomez Garrido, Camilo Ernesto"]
[Result "0-1"]
[WhiteElo "2411"]
[BlackElo "2495"]
[PlyCount "102"]
[EventDate "2014.07.22"]
[EventType "swiss"]
[EventRounds "9"]
[EventCountry "ESP"]
[Source "lmi"]
[SourceDate "2014.07.22"]

1. e4 c5 2. Nf3 d6 3. Bb5+ Nd7 4. c3 Ngf6 5. Qe2 a6 6. Ba4 g6 7. O-O Bg7 8. d4
b5 9. Bb3 cxd4 10. cxd4 Nb6 11. Nc3 b4 12. Na4 Nxa4 13. Bxa4+ Bd7 14. Bxd7+
Qxd7 15. Bd2 O-O 16. d5 Rfc8 17. Bxb4 Qa4 18. Bc3 Qxe4 19. Qxe4 Nxe4 20. Bxg7
Kxg7 21. Rfe1 f5 22. Re2 Kf7 23. Rae1 Rc7 24. h4 Rac8 25. Ng5+ Nxg5 26. hxg5
Rb8 27. g3 Rb5 28. Rd2 a5 29. Kg2 Rcb7 30. b3 a4 31. bxa4 Rb4 32. Rh1 Kg7 33.
a5 Ra4 34. Rh6 Rxa5 35. Rd1 Rb8 36. Re1 Re8 37. Reh1 Rh8 38. Re1 Kf7 39. Re2
Rxd5 40. Rh4 Ra5 41. a4 Ra7 42. Kf3 e5 43. Rb4 Ke6 44. Reb2 Rha8 45. Rb7 Rxb7
46. Rxb7 Rxa4 47. Kg2 Rg4 48. Rxh7 f4 49. Kf3 fxg3 50. fxg3 Kf5 51. Rd7 Rd4 0-1

[Event "40. Open Vila de Sitges 2014"]
[Site "Sitges ESP"]
[Date "2014.07.24"]
[Round "3.4"]
[White "Munoz Pantoja, Miguel"]
[Black "Meister, Peter"]
[Result "1/2-1/2"]
[WhiteElo "2457"]
[BlackElo "2410"]
[PlyCount "133"]
[EventDate "2014.07.22"]
[EventType "swiss"]
[EventRounds "9"]
[EventCountry "ESP"]
[Source "lmi"]
[SourceDate "2014.07.22"]

1. e4 e6 2. d4 d5 3. Nd2 Nf6 4. e5 Nfd7 5. Bd3 c5 6. c3 Nc6 7. Ne2 cxd4 8. cxd4
f6 9. exf6 Nxf6 10. O-O Bd6 11. Nf3 Qc7 12. Bg5 O-O 13. Bh4 Nh5 14. Bg3 Nxg3
15. fxg3 g6 16. Qd2 a6 17. Kh1 Qg7 18. Qe3 Bd7 19. Nf4 Rae8 20. Rae1 Bb8 21.
Bc2 Ba7 22. Rd1 e5 23. Nxd5 Nxd4 24. Nxd4 Bxd4 25. Qg5 Rxf1+ 26. Rxf1 Kh8 27.
Be4 Rf8 28. Rxf8+ Qxf8 29. Qf6+ Qxf6 30. Nxf6 Bc6 31. Bxc6 bxc6 32. b3 Kg7 33.
Ne4 Kf7 34. g4 Ke6 35. g3 Be3 36. Kg2 Kd5 37. Kf3 Kd4 38. g5 a5 39. h4 Bc1 40.
Nf2 Bd2 41. Ke2 Bb4 42. Ng4 Be7 43. Nf6 h5 44. g4 hxg4 45. Nxg4 Ke4 46. Ne3 Kf4
47. Nc4 Bd8 48. a3 Bc7 49. Ne3 Bd6 50. Nc4 Bc7 51. Ne3 e4 52. Nc4 Kg4 53. Nd2
Bd6 54. a4 Kf4 55. Nc4 Bb4 56. Ne3 Bc3 57. Nc4 Kg4 58. Nd6 Kf4 59. Nb7 Kg4 60.
Nd6 Kxh4 61. Nxe4 Bb2 62. Kf3 Bc1 63. Nd6 Bxg5 64. Nc4 Bd8 65. Ne5 g5 66. Nxc6
Bc7 67. Kg2 1/2-1/2